00506nam a2200145Ia 4500008004100000020001800041082001500059100002600074245008200100260001800182500000900200942000700209952012900216999001500345260604s9999 xx 000 0 und d a9780143439943 a823.92 KHA aVikrant khanna935962 0aThe Girl Who Knew Too Much: What if the Loved One You Lost Were to Come Back? bPENGUIN BOOKS aGirl cBK 00104070aIIMVbIIMVcGENERALd2026-06-04g299.00l0o823.92 KHAp004421r2026-06-04 10:21:42v299.00w2026-06-04yBKBKHA c8803d8803